000 00328 a2200157 4500
001 183001
020 _a
040 _cMagnum
100 _aRocha, Ruth
240 1 0 _aBom dia, todas as cores !
_lpor
245 1 0 _aBom dia, todas as cores !
300 _a24
362 0 _a1995
697 _aLITERATURA INFANTO
942 _cBK
999 _c183001
_d183001